[Event "España ch 2014"]
[Site "Linares ESP"]
[Date "2014.08.26"]
[Round "2.7"]
[White "Trigo Urquijo, Sergio"]
[Black "Lopez Martinez, Josep Manuel"]
[Result "1/2-1/2"]
[WhiteElo "2274"]
[BlackElo "2549"]
[PlyCount "80"]
[EventDate "2014.08.25"]
[EventType "swiss"]
[EventRounds "9"]
[EventCountry "ESP"]
[Source "lmi"]
[SourceDate "2014.08.25"]

1. d4 Nf6 2. c4 e6 3. Nc3 Bb4 4. e3 c5 5. Nge2 b6 6. a3 Ba5 7. Rb1 Na6 8. g3
Bb7 9. d5 O-O 10. Bg2 Bxc3+ 11. Nxc3 exd5 12. cxd5 d6 13. O-O Nb8 14. e4 Ba6
15. Re1 Nbd7 16. f4 Re8 17. b4 cxb4 18. axb4 Bc4 19. Bb2 b5 20. Qd4 Qb6 21.
Qxb6 Nxb6 22. Ra1 h6 23. h3 a6 24. Kf2 Nfd7 25. Bc1 Rec8 26. Nd1 Na4 27. Ne3 g6
28. e5 dxe5 29. Nxc4 Rxc4 30. fxe5 Re8 31. e6 fxe6 32. dxe6 Nf6 33. Bxh6 Rxb4
34. Rac1 Nb2 35. Rc3 Rc4 36. Rf3 Nd5 37. Rb3 Rc2+ 38. Kg1 Nc3 39. Bc6 Re7 40.
Bd7 Nd3 1/2-1/2

[Event "España ch 2014"]
[Site "Linares ESP"]
[Date "2014.08.26"]
[Round "2.26"]
[White "Gil Quilez, Sonia"]
[Black "Andres Gonzalez, Ivan"]
[Result "0-1"]
[WhiteElo "2127"]
[BlackElo "2354"]
[PlyCount "90"]
[EventDate "2014.08.25"]
[EventType "swiss"]
[EventRounds "9"]
[EventCountry "ESP"]
[Source "lmi"]
[SourceDate "2014.08.25"]

1. d4 Nf6 2. c4 e6 3. Nc3 Bb4 4. Qc2 c5 5. e3 O-O 6. Nf3 b6 7. Bd2 Bb7 8. a3
Bxc3 9. Bxc3 Ne4 10. dxc5 bxc5 11. Nd2 Nxc3 12. Qxc3 Nc6 13. Ne4 Qe7 14. Rd1 d5
15. cxd5 exd5 16. Nxc5 d4 17. Qc1 Rac8 18. Be2 Ne5 19. b4 d3 20. Bf1 Rfd8 21.
Qb1 Rxc5 22. bxc5 Qxc5 23. Bxd3 Qc3+ 24. Ke2 Nxd3 25. Rxd3 Ba6 26. Rhd1 Qxa3
27. Qc2 g6 28. e4 Kf8 29. Ke3 Bxd3 30. Rxd3 Rxd3+ 31. Qxd3 Qc5+ 32. Qd4 Qc1+
33. Kf3 Qa3+ 34. Kf4 h5 35. Qd8+ Kg7 36. Qd4+ Kg8 37. Qd8+ Kh7 38. Qc7 Qa2 39.
f3 a5 40. e5 a4 41. g4 hxg4 42. Kxg4 Qg2+ 43. Kf4 Qxh2+ 44. Kg5 Kg7 45. Qc3
Qg3# 0-1

[Event "España ch 2014"]
[Site "Linares ESP"]
[Date "2014.08.28"]
[Round "4.2"]
[White "Vazquez Igarza, Renier"]
[Black "Del Rio De Angelis, Salvador G"]
[Result "1/2-1/2"]
[WhiteElo "2603"]
[BlackElo "2529"]
[PlyCount "38"]
[EventDate "2014.08.25"]
[EventType "swiss"]
[EventRounds "9"]
[EventCountry "ESP"]
[Source "lmi"]
[SourceDate "2014.08.25"]

1. d4 d6 2. e4 Nf6 3. Nc3 e5 4. dxe5 dxe5 5. Qxd8+ Kxd8 6. Bg5 c6 7. O-O-O+
Nbd7 8. Bxf6+ gxf6 9. g3 Bc5 10. Rd2 Bb4 11. Nge2 Ke7 12. Bh3 Nc5 13. Bxc8
Rhxc8 14. f3 Ne6 15. Rhd1 Rc7 16. Rd3 Nc5 17. R3d2 Ne6 18. Rd3 Nc5 19. R3d2 Ne6
1/2-1/2

[Event "España ch 2014"]
[Site "Linares ESP"]
[Date "2014.08.29"]
[Round "5.15"]
[White "Alvarez Fernandez, Enrique"]
[Black "Navarrete Espi, Samuel"]
[Result "1-0"]
[WhiteElo "2355"]
[BlackElo "2245"]
[PlyCount "97"]
[EventDate "2014.08.25"]
[EventType "swiss"]
[EventRounds "9"]
[EventCountry "ESP"]
[Source "lmi"]
[SourceDate "2014.08.25"]

1. d4 g6 2. e4 Bg7 3. Nc3 d6 4. Nf3 Nf6 5. Be2 O-O 6. O-O e5 7. dxe5 dxe5 8.
Qxd8 Rxd8 9. Bc4 Re8 10. Ng5 Rf8 11. f4 Nbd7 12. Nb5 Ne8 13. f5 gxf5 14. Rxf5
c6 15. Bxf7+ Rxf7 16. Nxf7 cxb5 17. Nh6+ Kh8 18. Be3 a5 19. Nf7+ Kg8 20. Nh6+
Bxh6 21. Bxh6 Ra6 22. Bd2 Nd6 23. Rg5+ Kf7 24. Rf1+ Ke6 25. Rh5 Nf6 26. Rh6
Ndxe4 27. Bg5 Kf7 28. Bxf6 Nxf6 29. Rxh7+ Kg6 30. Rh8 Bf5 31. Re1 e4 32. Rb8
Rc6 33. Rxb7 b4 34. Rc1 Rd6 35. Rb5 e3 36. Re1 Be4 37. h3 Bc6 38. Rxa5 Nd5 39.
a3 Re6 40. axb4 Nf4 41. Ra6 e2 42. Kf2 Rf6 43. Kg3 Nh5+ 44. Kh2 Nf4 45. g3 Nd5
46. Rxe2 Nxb4 47. Rb6 Nd5 48. Rb8 Rf1 49. Re6+ 1-0

[Event "España ch 2014"]
[Site "Linares ESP"]
[Date "2014.08.31"]
[Round "7.31"]
[White "Ruiz Font, Elisabet"]
[Black "Romero Berruezo, Francisco"]
[Result "0-1"]
[WhiteElo "2063"]
[BlackElo "2211"]
[PlyCount "92"]
[EventDate "2014.08.25"]
[EventType "swiss"]
[EventRounds "9"]
[EventCountry "ESP"]
[Source "lmi"]
[SourceDate "2014.08.25"]

1. e4 d6 2. d4 e5 3. Nf3 exd4 4. Nxd4 Nf6 5. Nc3 Be7 6. Be2 O-O 7. O-O Re8 8.
f4 Bf8 9. Bf3 c6 10. Re1 Nfd7 11. Be3 a5 12. a3 a4 13. b3 Nb6 14. Qd2 N8d7 15.
Qf2 axb3 16. cxb3 Nc5 17. Qc2 g6 18. a4 Na6 19. Rad1 Nd7 20. Qd2 Qa5 21. Nce2
Qxd2 22. Bxd2 Ndc5 23. Nc1 Bg7 24. Bc3 Ne6 25. g3 Nec5 26. Re3 h5 27. Kf2 Bg4
28. Nde2 Bf8 29. Ng1 Nxe4+ 30. Kg2 Nxc3 31. Rxc3 Bf5 32. Kf2 d5 33. Nge2 Nc5
34. Nd4 Be4 35. Nce2 Bxf3 36. Kxf3 Ne4 37. Rc2 Bb4 38. h3 Kg7 39. g4 hxg4+ 40.
hxg4 Rh8 41. Ng3 Rh3 42. Nde2 Rah8 43. Ra2 f5 44. gxf5 gxf5 45. Rg1 Kf6 46. Nd4
Bc5 0-1

[Event "España ch 2014"]
[Site "Linares ESP"]
[Date "2014.09.01"]
[Round "8.20"]
[White "Suarez Uriel, Adrian"]
[Black "Lopez Mulet, Inigo"]
[Result "1-0"]
[WhiteElo "2292"]
[BlackElo "2193"]
[PlyCount "141"]
[EventDate "2014.08.25"]
[EventType "swiss"]
[EventRounds "9"]
[EventCountry "ESP"]
[Source "lmi"]
[SourceDate "2014.08.25"]

1. e4 e6 2. d4 d5 3. Nc3 Nf6 4. Bg5 Bb4 5. e5 h6 6. Bc1 Ne4 7. Qg4 g6 8. Nge2
c5 9. a3 Qa5 10. axb4 Qxa1 11. Nxd5 h5 12. Nc7+ Kd7 13. Qxe4 Kxc7 14. dxc5 Bd7
15. Qf4 Rf8 16. Nc3 Na6 17. Bd3 Nxb4 18. Qxb4 Qxc1+ 19. Ke2 Qg5 20. c6 Qxe5+
21. Ne4 bxc6 22. f4 a5 23. Qe7 Qd5 24. Rd1 Rae8 25. Qa3 e5 26. c4 Qd4 27. Kf1
Bg4 28. Rd2 Rd8 29. Qxa5+ Qb6 30. Qxe5+ Kc8 31. Nd6+ Rxd6 32. Qxd6 Rd8 33. Qe5
Qb4 34. Qe3 Rd7 35. h3 Be6 36. Rc2 Re7 37. Qd2 Qc5 38. Qf2 Qb4 39. Kg1 Rd7 40.
Be4 Qd6 41. c5 Qd1+ 42. Kh2 Bd5 43. Bxd5 Qxd5 44. Qe2 Kd8 45. Qa6 Ke7 46. Re2+
Kf8 47. b4 Qd4 48. Qxc6 Qxf4+ 49. g3 Qc4 50. Qe4 Rd4 51. Qe5 Kg8 52. c6 Rd1 53.
Qe4 Qc1 54. h4 Kh7 55. b5 Qc5 56. Qg2 Qxb5 57. c7 Qd7 58. Rc2 Qc8 59. Qc6 Rd3
60. Qb5 Rf3 61. Qd5 Rf1 62. Kg2 Ra1 63. Qxf7+ Kh6 64. Qf6 Rb1 65. Kh2 Qa8 66.
Qc6 Qc8 67. Qd5 Kh7 68. Rf2 Qe8 69. Qf7+ Qxf7 70. Rxf7+ Kg8 71. Rd7 1-0

[Event "España ch 2014"]
[Site "Linares ESP"]
[Date "2014.09.02"]
[Round "9.23"]
[White "Tierraseca Montero, Pablo"]
[Black "Shen, Yue"]
[Result "1/2-1/2"]
[WhiteElo "2143"]
[BlackElo "2266"]
[PlyCount "68"]
[EventDate "2014.08.25"]
[EventType "swiss"]
[EventRounds "9"]
[EventCountry "ESP"]
[Source "lmi"]
[SourceDate "2014.08.25"]

1. e4 c5 2. b3 d6 3. Bb2 Nf6 4. Bb5+ Nbd7 5. d3 Qa5+ 6. Nc3 g6 7. Nge2 Bg7 8.
O-O O-O 9. Bxd7 Bxd7 10. h3 Bc6 11. f4 b5 12. a4 b4 13. Nb1 d5 14. e5 Nd7 15.
Nd2 Nb6 16. f5 c4 17. Bd4 Rfe8 18. Ng3 Nd7 19. Qe2 Qc7 20. Rae1 cxd3 21. cxd3
e6 22. fxg6 fxg6 23. Qe3 Rf8 24. Nf3 a5 25. Qg5 Qd8 26. Qg4 Qe7 27. Rc1 Rac8
28. h4 Kh8 29. Ne2 Rf5 30. Ng3 Rff8 31. Ne2 Bh6 32. Ng5 Bxg5 33. hxg5 Rf5 34.
Rxf5 gxf5 1/2-1/2

[Event "España ch 2014"]
[Site "Linares ESP"]
[Date "2014.09.02"]
[Round "9.25"]
[White "Domingo Nunez, Alejandro"]
[Black "Silva Rodriguez, Fernando"]
[Result "0-1"]
[WhiteElo "2023"]
[BlackElo "2217"]
[PlyCount "130"]
[EventDate "2014.08.25"]
[EventType "swiss"]
[EventRounds "9"]
[EventCountry "ESP"]
[Source "lmi"]
[SourceDate "2014.08.25"]

1. e4 e5 2. Nf3 Nc6 3. Bc4 Bc5 4. c3 Nf6 5. d3 a6 6. O-O Ba7 7. Bb3 d6 8. h3 h6
9. Re1 g5 10. Nbd2 g4 11. hxg4 Nxg4 12. Re2 Qf6 13. Nf1 Rg8 14. Rc2 Bd7 15. Be3
O-O-O 16. Bxa7 Nxa7 17. Ne3 Nxe3 18. fxe3 Rg3 19. Qe2 Rdg8 20. Rf1 R8g7 21. Qf2
Nc6 22. Ne1 Qg5 23. Bxf7 Nd8 24. Bb3 Qh5 25. Qf8 Qh4 26. Rf3 R3g5 27. Rcf2 Rh5
28. Kf1 Rhg5 29. Rf6 Bg4 30. Nf3 Qh1+ 31. Ng1 Bh3 32. gxh3 Rxg1+ 33. Ke2 Kd7
34. Bd5 R1g2 35. R6f3 c6 36. Bb3 Qc1 37. Rxg2 Qxb2+ 38. Ke1 Rxg2 39. Rf2 Rg1+
40. Rf1 Qc1+ 41. Ke2 Qb2+ 42. Ke1 Qxc3+ 43. Ke2 Qb2+ 44. Ke1 Qc1+ 45. Ke2 Rg2+
46. Rf2 Rg1 47. Rf1 Qb2+ 48. Ke1 Qb1+ 49. Ke2 Rxf1 50. Qxf1 Qxf1+ 51. Kxf1 Ne6
52. Kf2 Ke7 53. Kg3 Kf6 54. Kg4 Ng7 55. Kh4 a5 56. Kg4 b5 57. a4 Ne6 58. Kh5
Nc5 59. Bc2 b4 60. d4 b3 61. Bb1 Nxa4 62. Kxh6 Nc3 63. dxe5+ dxe5 64. Bd3 a4
65. h4 a3 0-1